00285 a2200109 4500001000700000020000600007040001100013100001900024240006400043245005900107362000900166167196 a  cMagnum aFortes, Nadabe10aSalas numerosas:espaco de conhecimento ou informacao ?lpor10aSalas numerosas:espaco de conhecimento ou informacao ?0 a1899